[Event "Isle of Man Open"]
[Site "Douglas"]
[Date "22.10.2018"]
[Round "3.73"]
[White "Grant, Jonathan I M"]
[Black "L'Ami, Alina"]
[Result "0-1"]
[BlackTitle "IM"]
[WhiteElo "2203"]
[BlackElo "2296"]
[WhiteFideId "2400294"]
[BlackFideId "1210246"]
[EventDate "2018.10.20"]

1. c4 b6 2. Nc3 Bb7 3. e4 Nf6 4. d3 e5 5. f4 d6 6. Nf3 Nbd7 7. Be2 g6 8. O-O Bg7
9. f5 gxf5 10. Nh4 f4 11. Nf5 Rg8 12. b4 Nf8 13. d4 Nxe4 14. Nd5 Bxd5 15. cxd5
Nc3 16. Qe1 Nxe2+ 17. Qxe2 Ng6 18. Nxg7+ Rxg7 19. dxe5 dxe5 20. Bxf4 f6 21. Bh6
Rf7 22. Qe4 Qd6 23. Rad1 O-O-O 24. Rf3 Kb8 25. Rc3 Ne7 26. Rcd3 f5 27. Qh4 Rg8
28. Rg3 Rxg3 29. hxg3 Nxd5 30. Qh5 Qe6 31. Qg5 Rd7 32. a3 Qg6 33. Qc1 f4 34. Qc4
Ne3 0-1

[Event "Isle of Man Open"]
[Site "Douglas"]
[Date "22.10.2018"]
[Round "3.74"]
[White "Enkhtuul, Altan-Ulzii"]
[Black "Stanetzek, Carsten"]
[Result "1/2-1/2"]
[WhiteTitle "WGM"]
[WhiteElo "2295"]
[BlackElo "2192"]
[WhiteFideId "4901444"]
[BlackFideId "4616634"]
[EventDate "2018.10.20"]

1. Nf3 d5 2. g3 Nf6 3. Bg2 Bf5 4. O-O e6 5. b3 Be7 6. Bb2 O-O 7. c4 c6 8. d3 h6
9. Nbd2 Nbd7 10. Ne5 Bh7 11. Ndf3 a5 12. a3 Qb6 13. Rb1 Rfd8 14. h3 Bd6 15. Kh2
Qc7 16. Nxd7 Nxd7 17. Qc2 Rac8 18. b4 axb4 19. axb4 e5 20. c5 Be7 21. e4 d4 22.
Nd2 f6 23. h4 b6 24. cxb6 Qxb6 25. Nc4 Qb5 26. Bh3 Rc7 27. Ba3 Nb6 28. Na5 Kh8
29. Rfc1 Bg8 30. Nxc6 Na8 31. Bf5 Bf8 32. Nxd8 Rxc2 33. Rxc2 Qxd3 34. Rbc1 g6
35. Bxg6 Qxa3 36. Rc8 Nb6 37. R8c7 d3 38. Nf7+ Bxf7 39. Bxf7 d2 40. Rd1 Bxb4 41.
Bh5 Qb2 42. Rc6 Bc3 43. Rxf6 Bd4 44. Rxh6+ Kg7 45. Rg6+ Kh7 46. Rd6 Na4 47. Rd7+
Kh8 48. Rd8+ Kg7 49. Rd7+ Kf8 50. Rf7+ Kg8 51. Bg6 Nc3 52. h5 Nxd1 53. h6 Qb8
54. Rg7+ Kh8 55. Rh7+ Kg8 56. Rg7+ 1/2-1/2

[Event "Isle of Man Open"]
[Site "Douglas"]
[Date "22.10.2018"]
[Round "3.75"]
[White "Leutwyler, Martin"]
[Black "Stefansson, Vignir Vatnar"]
[Result "1-0"]
[BlackTitle "FM"]
[WhiteElo "2142"]
[BlackElo "2291"]
[WhiteFideId "1301969"]
[BlackFideId "2308649"]
[EventDate "2018.10.20"]

1. d4 f5 2. g3 Nf6 3. Bg2 g6 4. Nf3 Bg7 5. O-O O-O 6. b3 d6 7. Bb2 Na6 8. c4 c6
9. Nbd2 Qe8 10. Re1 Ne4 11. Qc2 Nb4 12. Qc1 e5 13. dxe5 dxe5 14. a3 Nxd2 15.
Qxd2 Na6 16. b4 Qe7 17. e4 f4 18. c5 Bg4 19. Qc3 Bxf3 20. Bxf3 Nc7 21. Be2 Ne6
22. Bc4 Kh8 23. Bxe6 Qxe6 24. Rad1 Rad8 25. Rd3 Qf7 26. Re2 g5 27. Red2 Rxd3 28.
Qxd3 f3 29. Qd6 Re8 30. Qd7 Re7 31. Qc8+ Bf8 32. Qg4 h5 33. Qxg5 Kh7 34. Rd6 Bg7
35. h4 Re8 36. Qd2 Re6 37. Rxe6 Qxe6 38. Qg5 Qb3 39. Bxe5 1-0

[Event "Isle of Man Open"]
[Site "Douglas"]
[Date "22.10.2018"]
[Round "3.76"]
[White "Agrest, Inna"]
[Black "Burrows, Martin P"]
[Result "1-0"]
[WhiteTitle "WIM"]
[WhiteElo "2283"]
[BlackElo "2121"]
[WhiteFideId "1708830"]
[BlackFideId "409057"]
[EventDate "2018.10.20"]

1. e4 c5 2. Nf3 d6 3. d4 cxd4 4. Nxd4 Nf6 5. Nc3 a6 6. Bg5 e6 7. f4 Be7 8. Qf3
h6 9. Bh4 Nbd7 10. O-O-O Qc7 11. Be2 g5 12. fxg5 Ne5 13. Qe3 Nh7 14. Nf3 hxg5
15. Bg3 Bd7 16. Nxe5 dxe5 17. Rhf1 Nf8 18. Qf2 f6 19. h4 O-O-O 20. hxg5 f5 21.
exf5 Bxg5+ 22. Kb1 Bc6 23. Qa7 Rh7 24. Bg4 Re8 25. fxe6 Nxe6 26. Nd5 Bxd5 27.
Rxd5 1-0

[Event "Isle of Man Open"]
[Site "Douglas"]
[Date "22.10.2018"]
[Round "3.77"]
[White "Dahl, Baard"]
[Black "Wall, Tim P"]
[Result "0-1"]
[BlackTitle "FM"]
[WhiteElo "2113"]
[BlackElo "2253"]
[WhiteFideId "444251"]
[BlackFideId "401641"]
[EventDate "2018.10.20"]

1. e4 e5 2. Nf3 Nf6 3. Nc3 d6 4. Bc4 Be7 5. d3 O-O 6. O-O Nbd7 7. h3 c6 8. a4 h6
9. Nh2 Nc5 10. Ba2 Be6 11. f4 exf4 12. Bxf4 Bxa2 13. Rxa2 Ne6 14. Be3 d5 15. e5
Nd7 16. d4 Nxe5 17. dxe5 d4 18. Bxh6 dxc3 19. Qg4 Qd4+ 20. Qxd4 Nxd4 21. Bf4
Ne2+ 22. Kh1 g5 23. Be3 Ng3+ 24. Kg1 Nxf1 25. Nxf1 Rfd8 26. bxc3 Rd5 27. Rb2 b6
28. Nh2 Rxe5 29. Ng4 Rxe3 0-1

[Event "Isle of Man Open"]
[Site "Douglas"]
[Date "22.10.2018"]
[Round "3.78"]
[White "Piasetski, Leon"]
[Black "Shaw, Peter"]
[Result "1-0"]
[WhiteTitle "IM"]
[WhiteElo "2252"]
[BlackElo "2096"]
[WhiteFideId "2600072"]
[BlackFideId "411361"]
[EventDate "2018.10.20"]

1. Nf3 d5 2. g3 Nf6 3. Bg2 c6 4. d3 Bg4 5. h3 Bh5 6. O-O Nbd7 7. Re1 e5 8. e4
dxe4 9. dxe4 Bxf3 10. Bxf3 Bc5 11. Nd2 O-O 12. Nb3 Bb6 13. Qe2 a5 14. a4 Qe7 15.
Rd1 Nc5 16. Nxc5 Bxc5 17. Qc4 Bb6 18. Ra3 Rfd8 19. Rad3 Rxd3 20. Rxd3 Rd8 21.
Bd2 Rxd3 22. cxd3 Nd7 23. b4 axb4 24. Bxb4 Bc5 25. Bd2 Bd4 26. Bb4 Bc5 27. Be1
Bd4 28. Bg4 Nb6 29. Qb3 Qg5 30. Kf1 h5 31. Bf3 g6 32. a5 Nd7 33. Qxb7 Qc1 34.
Qb3 Nc5 35. Qd1 Qxd1 36. Bxd1 Nxd3 37. a6 Nxe1 38. Kxe1 Kf8 39. h4 Ke7 40. f4
exf4 41. gxf4 Bb6 42. Kd2 Ba7 43. Kd3 Bb6 44. e5 f5 45. Kc4 Bf2 46. Bb3 Kd7 47.
Kd3 Ke7 48. Ke2 Bb6 49. Bg8 Kf8 50. Bh7 Kf7 51. e6+ Kxe6 52. Bxg6 c5 53. Bxh5 c4
54. Be8 Kf6 55. Kd2 Bd4 56. h5 Kg7 57. Bg6 Kh6 58. Kc2 Kg7 59. Bxf5 Kh6 60. Bg6
Kg7 61. f5 1-0

[Event "Isle of Man Open"]
[Site "Douglas"]
[Date "22.10.2018"]
[Round "3.79"]
[White "Jonsson, Gauti Pall"]
[Black "Ragnarsson, Dagur"]
[Result "1/2-1/2"]
[BlackTitle "FM"]
[WhiteElo "2073"]
[BlackElo "2251"]
[WhiteFideId "2309092"]
[BlackFideId "2304058"]
[EventDate "2018.10.20"]

1. c4 Nf6 2. d4 c5 3. d5 b5 4. cxb5 a6 5. f3 axb5 6. e4 Qa5+ 7. b4 Qxb4+ 8. Bd2
Qa4 9. Qc1 b4 10. Qxc5 Na6 11. Bxa6 e6 12. d6 Bxa6 13. Bxb4 Rc8 14. Nc3 Qc2 15.
Qb6 Rxc3 16. Ba5 Rc8 17. Qxa6 Rc6 18. Qa8+ Rc8 19. Qa6 Rc6 20. Qa8+ Rc8 21. Qa6
Rc6 22. Qa8+ 1/2-1/2

[Event "Isle of Man Open"]
[Site "Douglas"]
[Date "22.10.2018"]
[Round "3.80"]
[White "Janzelj, Lara"]
[Black "Mai, Aron Thor"]
[Result "1-0"]
[WhiteTitle "WFM"]
[WhiteElo "2244"]
[BlackElo "2063"]
[WhiteFideId "14608391"]
[BlackFideId "2313383"]
[EventDate "2018.10.20"]

1. d4 Nf6 2. Nc3 d5 3. Bf4 c5 4. e3 cxd4 5. exd4 a6 6. Bd3 Nc6 7. Nce2 Bg4 8. c3
e6 9. f3 Bh5 10. Nh3 Bg6 11. Nf2 Bd6 12. O-O O-O 13. Bg5 Be7 14. Nf4 Bxd3 15.
N4xd3 Nd7 16. Bd2 b5 17. Qe1 a5 18. Ng4 b4 19. Nf4 a4 20. Nxe6 fxe6 21. Qxe6+
Kh8 22. Qxc6 a3 23. Qxd5 axb2 24. Rab1 Ra5 25. Qb3 Ra3 26. Qxb2 Qa8 27. Ra1 bxc3
28. Bxc3 Rb8 29. Qd2 Nb6 30. Rfb1 Qa7 31. Ne5 Rc8 32. Rc1 Ra4 33. Kh1 Qa8 34.
Qe2 Nd5 35. Be1 Rxd4 36. Nf7+ Kg8 37. Qe6 Rc5 38. Rxc5 Bxc5 39. Nd8+ 1-0

[Event "Isle of Man Open"]
[Site "Douglas"]
[Date "22.10.2018"]
[Round "3.81"]
[White "Laustsen, Lars"]
[Black "Sipos, Silvester"]
[Result "1-0"]
[WhiteElo "2236"]
[BlackElo "2050"]
[WhiteFideId "1407554"]
[BlackFideId "444260"]
[EventDate "2018.10.20"]

1. d4 Nf6 2. c4 d6 3. Nf3 g6 4. g3 Bg7 5. Bg2 O-O 6. Nc3 a5 7. O-O Na6 8. e4 c5
9. d5 Bg4 10. h3 Bd7 11. Re1 Nc7 12. a4 Na6 13. e5 dxe5 14. Nxe5 Ne8 15. Bf4 Nd6
16. Qe2 Re8 17. Rad1 Nb4 18. g4 e6 19. dxe6 Rxe6 20. Rxd6 Rxd6 21. Nxf7 Qf8 22.
Bxd6 Qxf7 23. Qe7 Re8 24. Qxf7+ Kxf7 25. Rxe8 Bxe8 26. Bxb7 Bd4 27. Nb5 Ke6 28.
Bc7 Nd3 29. Bxa5 Nxb2 30. Nc7+ Kd7 31. Nxe8 Kxe8 32. Bc6+ Ke7 33. Bb5 Nd3 34.
Bc7 Nxf2 35. Kg2 Ne4 36. a5 Nd6 37. a6 Nxb5 38. cxb5 c4 39. b6 c3 40. a7 c2 41.
Bf4 1-0

[Event "Isle of Man Open"]
[Site "Douglas"]
[Date "23.10.2018"]
[Round "4.1"]
[White "Xiong, Jeffery"]
[Black "Vachier-Lagrave, Maxime"]
[Result "1/2-1/2"]
[WhiteTitle "GM"]
[BlackTitle "GM"]
[WhiteElo "2656"]
[BlackElo "2780"]
[WhiteFideId "2047640"]
[BlackFideId "623539"]
[EventDate "2018.10.20"]

1. e4 c5 2. Nf3 d6 3. Bb5+ Nd7 4. d4 cxd4 5. Qxd4 a6 6. Bxd7+ Bxd7 7. Nc3 e5 8.
Qd3 Rc8 9. O-O Qc7 10. Rd1 Be6 11. a4 Nf6 12. Nd2 Be7 13. Nf1 Qc4 14. Ne3 Qxd3
15. Rxd3 Kd7 16. f3 Rc6 17. Bd2 Rhc8 18. b3 Nh5 19. g3 Bd8 20. a5 b5 21. Na2 Nf6
22. Nb4 R6c7 23. Nxa6 Ra7 24. Nb4 Rxa5 25. Rd1 Raa8 26. Be1 Be7 27. Kg2 g6 28.
Bf2 Ke8 29. Kf1 Bd8 30. Be1 Bb6 31. Ke2 Bc5 32. Bc3 h5 33. h4 Ra7 1/2-1/2

[Event "Isle of Man Open"]
[Site "Douglas"]
[Date "23.10.2018"]
[Round "4.3"]
[White "Naiditsch, Arkadij"]
[Black "Tregubov, Pavel V."]
[Result "1-0"]
[WhiteTitle "GM"]
[BlackTitle "GM"]
[WhiteElo "2721"]
[BlackElo "2588"]
[WhiteFideId "4650891"]
[BlackFideId "4115341"]
[EventDate "2018.10.20"]

1. e4 e6 2. d4 d5 3. Nc3 Bb4 4. e5 c5 5. a3 Ba5 6. b4 cxd4 7. Qg4 Kf8 8. Nb5 Bb6
9. Nf3 Nc6 10. Bb2 Nge7 11. Nbxd4 h5 12. Qf4 Ng6 13. Nxc6 bxc6 14. Qg3 a5 15.
Bd3 Ne7 16. Qf4 Kg8 17. O-O Ba6 18. Bxa6 Rxa6 19. c4 Ng6 20. Qc1 h4 21. b5 cxb5
22. cxd5 exd5 23. Rd1 Rh5 24. h3 Qd7 25. Qc2 Ra7 26. Qd2 Rc7 27. Bd4 Bxd4 28.
Qxd4 Ne7 29. Qb6 a4 30. Rac1 Rb7 31. Qa6 Ra7 32. Qd6 Rb7 33. Rc5 Qe8 34. Qa6 Qb8
35. Rdc1 Rh6 36. Qa5 Rhb6 37. Qb4 Rh6 38. Qg4 Re6 39. Ng5 Qxe5 40. Qxh4 1-0

[Event "Isle of Man Open"]
[Site "Douglas"]
[Date "23.10.2018"]
[Round "4.4"]
[White "Gelfand, Boris"]
[Black "Aronian, Levon"]
[Result "1/2-1/2"]
[WhiteTitle "GM"]
[BlackTitle "GM"]
[WhiteElo "2701"]
[BlackElo "2780"]
[WhiteFideId "2805677"]
[BlackFideId "13300474"]
[EventDate "2018.10.20"]

1. d4 e6 2. c4 Nf6 3. Nf3 d5 4. g3 Be7 5. Bg2 O-O 6. O-O dxc4 7. Qc2 a6 8. a4
Bd7 9. Qxc4 Bc6 10. Bf4 Bd6 11. Qc1 Bd5 12. Nc3 Nc6 13. Rd1 Na5 14. Rb1 Bb3 15.
Rd3 Bc4 16. Rd1 Bb3 17. Rd3 Bc4 18. Rd1 Bb3 1/2-1/2

[Event "Isle of Man Open"]
[Site "Douglas"]
[Date "23.10.2018"]
[Round "4.5"]
[White "Adhiban, Baskaran"]
[Black "So, Wesley"]
[Result "1/2-1/2"]
[WhiteTitle "GM"]
[BlackTitle "GM"]
[WhiteElo "2668"]
[BlackElo "2776"]
[WhiteFideId "5018471"]
[BlackFideId "5202213"]
[EventDate "2018.10.20"]

1. e4 e5 2. Bc4 Nf6 3. d3 Nc6 4. Nf3 Bc5 5. O-O O-O 6. Bg5 h6 7. Bh4 Be7 8. Bg3
d6 9. a4 Be6 10. Nbd2 Bxc4 11. Nxc4 g6 12. c3 Nh5 13. Qb3 Rb8 14. Rfe1 Bf6 15.
Rad1 Bg7 16. d4 exd4 17. cxd4 Nxg3 18. hxg3 d5 19. Nce5 Ne7 20. exd5 Nxd5 21.
Nd2 c6 22. Ne4 Qc7 23. Nc5 Rfe8 24. Nf3 Rxe1+ 25. Rxe1 Bf8 26. Re4 Bd6 27. Ne5
Bxc5 28. dxc5 Re8 29. f4 Qe7 30. Kh2 Kg7 31. Rc4 f6 32. Nf3 Ne3 33. Rb4 b6 34.
cxb6 c5 35. Rb5 Ng4+ 36. Kh3 Nf2+ 37. Kh2 a6 38. Ra5 Ng4+ 39. Kh3 Nf2+ 40. Kh2
Ng4+ 1/2-1/2

[Event "Isle of Man Open"]
[Site "Douglas"]
[Date "23.10.2018"]
[Round "4.7"]
[White "Short, Nigel D"]
[Black "Karjakin, Sergey"]
[Result "1/2-1/2"]
[WhiteTitle "GM"]
[BlackTitle "GM"]
[WhiteElo "2652"]
[BlackElo "2760"]
[WhiteFideId "400025"]
[BlackFideId "14109603"]
[EventDate "2018.10.20"]

1. e4 c5 2. Nc3 d6 3. f4 g6 4. Nf3 Bg7 5. Be2 Nc6 6. O-O e6 7. Qe1 Nge7 8. Kh1
Nd4 9. Nxd4 cxd4 10. Nd1 O-O 11. d3 f5 12. Bd2 Nc6 13. Nf2 e5 14. exf5 gxf5 15.
Bf3 Kh8 16. Nh3 Qf6 17. b4 a6 18. a4 Ne7 19. b5 Ng6 20. Bd5 Ne7 21. Bf3 Ng6 22.
Bd5 Ne7 23. Bf3 1/2-1/2

[Event "Isle of Man Open"]
[Site "Douglas"]
[Date "23.10.2018"]
[Round "4.8"]
[White "Wojtaszek, Radoslaw"]
[Black "Vaibhav, Suri"]
[Result "1-0"]
[WhiteTitle "GM"]
[BlackTitle "GM"]
[WhiteElo "2727"]
[BlackElo "2597"]
[WhiteFideId "1118358"]
[BlackFideId "5045185"]
[EventDate "2018.10.20"]

1. d4 d5 2. c4 c6 3. Nf3 Nf6 4. Nc3 e6 5. e3 Nbd7 6. Bd3 dxc4 7. Bxc4 b5 8. Bd3
b4 9. Ne4 Nxe4 10. Bxe4 Bb7 11. Nd2 Qc7 12. b3 c5 13. Bb2 Bxe4 14. Nxe4 c4 15.
bxc4 Qxc4 16. Nd2 Qb5 17. Qe2 Qxe2+ 18. Kxe2 Nb6 19. a3 Kd7 20. Rhb1 bxa3 21.
Bxa3 Bxa3 22. Rxa3 Rhb8 23. g4 Nc8 24. Nb3 Rb6 25. Rc1 Rab8 26. Nc5+ Kd8 27. Nd3
R8b7 28. h4 h6 29. Nc5 Rb8 30. g5 Rc6 31. Ra2 Ke7 32. f4 h5 33. Rac2 Nd6 34. Ra2
Rc7 35. Rca1 Ra8 36. g6 fxg6 37. Ra6 Nf5 38. Kd3 Nxh4 39. Nxe6 Rb7 40. Nc5 Rc7
41. Rh1 Nf5 42. Rxg6 Kf7 43. Ra6 g6 44. e4 Ne7 45. e5 Nc6 46. Ke4 Rb8 47. Rc1
Ne7 48. Rca1 Rb4 49. Rf6+ Kg8 50. Na6 1-0

[Event "Isle of Man Open"]
[Site "Douglas"]
[Date "23.10.2018"]
[Round "4.9"]
[White "Meier, Georg"]
[Black "Rapport, Richard"]
[Result "0-1"]
[WhiteTitle "GM"]
[BlackTitle "GM"]
[WhiteElo "2639"]
[BlackElo "2725"]
[WhiteFideId "4675789"]
[BlackFideId "738590"]
[EventDate "2018.10.20"]

1. Nf3 g6 2. e4 Bg7 3. d4 d6 4. Bd3 Nc6 5. d5 Nb4 6. Be2 a5 7. c4 Nf6 8. Nc3 O-O
9. Be3 Ng4 10. Bg5 f5 11. exf5 h6 12. Bh4 Bxf5 13. O-O Qd7 14. Qd2 g5 15. Bg3 e5
16. dxe6 Bxe6 17. Rad1 Rae8 18. Nd4 Bf7 19. Ndb5 Nf6 20. h3 b6 21. b3 Kh8 22.
Rfe1 Bg6 23. Bf3 Nd3 24. Rxe8 Rxe8 25. Nd4 Ne5 26. Be2 Nh5 27. Bh2 Qf7 28. Nd5
Rf8 29. Nf3 Nf4 30. Nxf4 gxf4 31. Nxe5 Bxe5 32. Bf3 Qf5 33. Bg4 Qc2 34. Qxc2
Bxc2 35. Rc1 Be4 36. Re1 Bc6 37. Be6 a4 38. Bd5 Bd7 39. g4 fxg3 40. Bxg3 Re8 41.
Kg2 Kg7 42. Bxe5+ Rxe5 43. Rxe5 dxe5 44. bxa4 Bxa4 45. f4 Kf6 46. Kf3 Bc2 47.
Be4 Bd1+ 48. Ke3 Ke6 49. fxe5 Kxe5 50. Bd3 c5 51. a3 Ba4 52. h4 Bb3 53. Be2 Kf5
54. Kf3 Bc2 55. Ke3 Ba4 56. Bf3 Bd7 57. Bd5 Ke5 58. Bf7 Bh3 59. Bd5 Kf5 60. Kf3
Bg4+ 61. Ke3 Bh5 62. Bg8 Bd1 63. Bf7 Bb3 64. Kf3 Ba4 65. Bd5 Bd1+ 66. Ke3 Kg4
67. Ke4 Kxh4 68. Bf7 Kg5 69. Kd5 Ba4 70. Kd6 h5 71. Be6 h4 72. Bh3 Kf4 73. Bf1
Kg3 74. Kc7 Kf2 75. Bh3 b5 76. cxb5 Bxb5 0-1

[Event "Isle of Man Open"]
[Site "Douglas"]
[Date "23.10.2018"]
[Round "4.10"]
[White "Le, Quang Liem"]
[Black "Gupta, Abhijeet"]
[Result "0-1"]
[WhiteTitle "GM"]
[BlackTitle "GM"]
[WhiteElo "2715"]
[BlackElo "2588"]
[WhiteFideId "12401137"]
[BlackFideId "5010608"]
[EventDate "2018.10.20"]

1. e4 c5 2. Nf3 d6 3. d4 cxd4 4. Nxd4 Nf6 5. Nc3 Nc6 6. Bg5 e6 7. Qd2 a6 8.
O-O-O Bd7 9. f4 Be7 10. Nf3 b5 11. Bxf6 gxf6 12. f5 Qb6 13. Kb1 O-O-O 14. g3 Kb8
15. fxe6 fxe6 16. Bh3 Na5 17. Rhe1 b4 18. Ne2 e5 19. Bxd7 Rxd7 20. Qd5 Rc8 21.
b3 Rdc7 22. Rd2 Nc6 23. Nh4 Na7 24. Nf5 Nb5 25. Rc1 Bf8 26. a4 bxa3 27. Ka2 Rb7
28. Qd3 a5 29. Rb1 d5 30. c4 Nc7 31. Nc3 d4 32. Nd5 Nxd5 33. exd5 a4 34. g4 Qb4
35. Ng3 Bh6 36. Rdd1 axb3+ 37. Rxb3 Qxc4 38. Qxc4 Rxc4 39. Rxb7+ Kxb7 40. Kxa3
Rc5 41. Kb3 Rxd5 42. Kc4 Ra5 43. Ne4 Kc6 44. Nxf6 Ra3 45. Rd3 Ra4+ 46. Kb3 Ra7
47. Kc4 Ra4+ 48. Kb3 Ra1 49. Rh3 Bf4 50. Rf3 Bg5 51. Ne4 Be7 52. Rf7 Kd5 53. Ng3
Ra3+ 54. Kb2 Ra7 55. Rf3 Bb4 56. g5 Bc3+ 57. Kc1 Kc4 58. Ne4 Ra1+ 59. Kc2 d3+
60. Rxd3 Ra2+ 0-1

[Event "Isle of Man Open"]
[Site "Douglas"]
[Date "23.10.2018"]
[Round "4.11"]
[White "Vidit, Santosh Gujrathi"]
[Black "Praggnanandhaa, R"]
[Result "1-0"]
[WhiteTitle "GM"]
[BlackTitle "GM"]
[WhiteElo "2711"]
[BlackElo "2519"]
[WhiteFideId "5029465"]
[BlackFideId "25059530"]
[EventDate "2018.10.20"]

1. d4 Nf6 2. c4 e6 3. Nf3 d5 4. g3 Bb4+ 5. Bd2 Bd6 6. Nc3 c6 7. Qc2 Nbd7 8. e4
Nxe4 9. Nxe4 dxe4 10. Qxe4 c5 11. Bc3 Nf6 12. Qe2 b6 13. Bg2 Bb7 14. d5 Qe7 15.
dxe6 Qxe6 16. Qxe6+ fxe6 17. O-O Bxf3 18. Bxf3 Rd8 19. Rfe1 Kf7 20. Re3 Rhe8 21.
Rae1 Bc7 22. h4 Re7 23. Kg2 h6 24. Bxf6 gxf6 25. Bh5+ Kf8 26. Rxe6 Rxe6 27. Rxe6
Be5 28. b3 Rd7 29. f4 Bc3 30. Kf3 Kg7 31. Kg4 Rd3 32. Re7+ Kf8 33. Re8+ Kg7 34.
Re7+ Kf8 35. Rxa7 Be1 36. Rf7+ Kg8 37. Rxf6 Rxg3+ 38. Kf5 Rh3 39. Rxb6 Rxh4 40.
Rxh6 Rxf4+ 41. Kxf4 Bd2+ 42. Ke4 Bxh6 43. Kd5 1-0

[Event "Isle of Man Open"]
[Site "Douglas"]
[Date "23.10.2018"]
[Round "4.12"]
[White "Sevian, Samuel"]
[Black "Artemiev, Vladislav"]
[Result "1/2-1/2"]
[WhiteTitle "GM"]
[BlackTitle "GM"]
[WhiteElo "2634"]
[BlackElo "2706"]
[WhiteFideId "2040506"]
[BlackFideId "24101605"]
[EventDate "2018.10.20"]

1. e4 c5 2. Nf3 d6 3. d4 cxd4 4. Nxd4 Nf6 5. Nc3 a6 6. Be2 e6 7. O-O Be7 8. f4
O-O 9. Be3 Nc6 10. Kh1 Bd7 11. Nb3 b5 12. a3 Bc8 13. Bf3 Bb7 14. e5 dxe5 15.
fxe5 Nd7 16. Bf4 Qc7 17. Qe1 b4 18. axb4 Bxb4 19. Rd1 Rab8 20. Qg3 Bxc3 21. Bxc6
Qxc6 22. bxc3 Kh8 23. Bc1 f5 24. Rd6 f4 25. Bxf4 Qc4 26. Nd2 Qa4 27. Rxe6 Rbe8
28. Rxe8 Rxe8 29. Be3 Re6 30. Qf2 h6 31. Bd4 Nxe5 32. Qf8+ Kh7 33. Qf5+ Rg6 34.
Ne4 Qb5 35. Re1 Nd7 36. Qxb5 axb5 37. Re2 Bd5 38. Nd2 Re6 39. Rxe6 Bxe6 40. Nf1
Bf5 41. Ne3 Be4 42. Kg1 Nb8 43. Kf2 Nc6 44. h4 Ne7 45. g4 g6 46. c4 bxc4 47. c3
Bd3 48. Kf3 Kg8 49. Nd1 Nd5 50. Nb2 Bf1 51. Kf2 Bh3 52. Kf3 Bf1 53. Ke4 Nc7 54.
Be5 Nb5 55. Kd5 Na3 56. Bd6 Nb1 57. Kd4 Nd2 58. Bf4 Nb3+ 59. Kd5 g5 60. hxg5
hxg5 61. Bxg5 Be2 62. Nxc4 Bf3+ 63. Kd6 Bxg4 64. Kc6 Be2 65. Ne5 Na5+ 66. Kd5
Bf1 67. Be7 Nb3 68. Bg5 Na5 69. Be3 Kf8 70. Bc5+ Ke8 71. Bb6 Bg2+ 72. Kd6 Nb3
73. c4 Nd2 74. c5 Ne4+ 75. Kc7 Nxc5 76. Bxc5 Bh3 77. Kd6 1/2-1/2

[Event "Isle of Man Open"]
[Site "Douglas"]
[Date "23.10.2018"]
[Round "4.14"]
[White "Giri, Anish"]
[Black "Debashis, Das"]
[Result "1-0"]
[WhiteTitle "GM"]
[BlackTitle "GM"]
[WhiteElo "2780"]
[BlackElo "2548"]
[WhiteFideId "24116068"]
[BlackFideId "5024854"]
[EventDate "2018.10.20"]

1. e4 c5 2. Nc3 d6 3. Bb5+ Bd7 4. Bxd7+ Qxd7 5. d4 cxd4 6. Qxd4 Nc6 7. Qd3 e6 8.
Bf4 Ne5 9. Bxe5 dxe5 10. Qxd7+ Kxd7 11. O-O-O+ Kc6 12. f4 exf4 13. Nf3 f6 14. e5
Re8 15. Ne4 Kc7 16. Rd3 fxe5 17. Nxe5 Nf6 18. Rc3+ Kb8 19. Nxf6 gxf6 20. Nd7+
Ka8 21. Nxf6 Rd8 22. Rc7 h5 23. a3 a6 24. Ne4 Bh6 25. Kb1 Rd4 26. Re1 Rd5 27.
Re2 Re5 28. Rc5 Rd5 29. c4 Rd4 30. Rxh5 Rxc4 31. Nd6 f3 32. gxf3 Rc1+ 33. Ka2
Bg7 34. Rxh8+ Bxh8 35. Rxe6 1-0

[Event "Isle of Man Open"]
[Site "Douglas"]
[Date "23.10.2018"]
[Round "4.18"]
[White "Vishnu Prasanna, V"]
[Black "Adams, Michael"]
[Result "1/2-1/2"]
[WhiteTitle "GM"]
[BlackTitle "GM"]
[WhiteElo "2504"]
[BlackElo "2712"]
[WhiteFideId "5030692"]
[BlackFideId "400041"]
[EventDate "2018.10.20"]

1. c4 Nf6 2. Nc3 e5 3. g3 Bb4 4. Bg2 O-O 5. Nf3 Re8 6. O-O e4 7. Nd4 Nc6 8. Nc2
Bxc3 9. dxc3 h6 10. Ne3 d6 11. h3 a5 12. a4 b6 13. b3 Ne7 14. f4 exf3 15. exf3
Nf5 16. Nxf5 Bxf5 17. g4 Bh7 18. Ra2 Qd7 19. h4 Rad8 20. g5 hxg5 21. hxg5 Nh5
22. Kh2 Bf5 23. f4 Bg4 24. Bf3 Bxf3 25. Rxf3 Qf5 26. Rg2 d5 27. cxd5 Rxd5 28.
Qc2 Re4 29. Re2 Rxe2+ 30. Qxe2 Rd6 31. Rh3 g6 32. c4 Re6 33. Qd3 Qg4 34. Be3 Re8
35. Qf1 Qf5 36. Qf2 Re4 37. Qd2 Re8 38. Qf2 c5 39. Bc1 Kf8 40. Qb2 Re6 41. Rf3
Re4 42. Qd2 Qg4 43. Qg2 Qh4+ 44. Rh3 Qe1 45. Bd2 Qe2 46. Rf3 Ng7 47. Bc3 Nf5 48.
Qxe2 Rxe2+ 49. Kh3 Nd4 50. Bxd4 cxd4 51. Rd3 Rc2 52. Kg4 Rc3 53. Rxd4 Rxb3 54.
f5 gxf5+ 55. Kxf5 Kg7 56. Rd7 Rf3+ 57. Kg4 Ra3 58. Kf5 Rf3+ 1/2-1/2

[Event "Isle of Man Open"]
[Site "Douglas"]
[Date "23.10.2018"]
[Round "4.19"]
[White "Leko, Peter"]
[Black "Gormally, Daniel W"]
[Result "1/2-1/2"]
[WhiteTitle "GM"]
[BlackTitle "GM"]
[WhiteElo "2690"]
[BlackElo "2482"]
[WhiteFideId "703303"]
[BlackFideId "406465"]
[EventDate "2018.10.20"]

1. e4 e5 2. Nf3 Nf6 3. Nxe5 d6 4. Nf3 Nxe4 5. Nc3 Nxc3 6. dxc3 Be7 7. Be3 O-O 8.
Qd2 Nd7 9. O-O-O c6 10. h4 d5 11. Kb1 Re8 12. Bd3 Nc5 13. Ng5 h6 14. Bh7+ Kf8
15. c4 b6 16. cxd5 cxd5 17. Nf3 Bf6 18. Nd4 Bd7 19. f3 h5 20. Bd3 Nxd3 21. Qxd3
Kg8 22. Qd2 Qc7 23. Qf2 Rac8 24. Rd2 Qe5 25. Rd3 Bf5 26. f4 Qe4 27. Nxf5 Qxf5
28. g3 Re4 29. b3 d4 30. Bd2 Qg4 31. Re1 Rce8 32. Rxe4 1/2-1/2